[Event "4NCL Division 2b"]
[Site "De Vere, Staverton Park ENG"]
[Date "2013.02.24"]
[Round "6.86"]
[White "Kendall, Paul SN"]
[Black "Lunn, Matthew"]
[Result "0-1"]
[WhiteElo "2054"]
[BlackElo "2004"]
[PlyCount "57"]
[EventDate "2013.02.24"]
[WhiteTeam "North East England"]
[BlackTeam "KJCA Kings"]

1. e4 c5 2. Nc3 Nc6 3. f4 g6 4. Nf3 Bg7 5. Bb5 Nd4 6. O-O a6 7. Bd3 d6 8. Nxd4
cxd4 9. Ne2 e5 10. b3 b5 11. Bb2 Nf6 12. c3 dxc3 13. Nxc3 O-O 14. Qe1 exf4 15.
Ne2 Bb7 16. Nxf4 Re8 17. Qg3 Nxe4 18. Bxe4 Bxb2 19. Bxb7 Qb6+ 20. Kh1 Qxb7 21.
Rae1 Be5 22. Qe3 Qc6 23. h4 Bg7 24. Qd3 Rxe1 25. Rxe1 Re8 26. Rf1 Qe4 27. Qxe4
Rxe4 28. g3 Be5 29. Nd5 0-1

[Event "4NCL Division 2b"]
[Site "De Vere, Staverton Park ENG"]
[Date "2013.02.24"]
[Round "6.88"]
[White "Reynolds, Mark A"]
[Black "Giles, Yasmin"]
[Result "1-0"]
[WhiteElo "1903"]
[BlackElo "1863"]
[PlyCount "73"]
[EventDate "2013.02.24"]
[WhiteTeam "North East England"]
[BlackTeam "KJCA Kings"]

1. d4 d5 2. Nf3 Nf6 3. e3 c5 4. dxc5 e6 5. c4 Bxc5 6. Nc3 Nc6 7. Be2 O-O 8. O-O
dxc4 9. Bxc4 a6 10. a3 b5 11. Bd3 Bb7 12. Qc2 Bd6 13. Rd1 Qb8 14. Ne4 Nxe4 15.
Bxe4 h6 16. b4 Rc8 17. Qb1 f5 18. Bxc6 Bxc6 19. Qb3 Bd5 20. Rxd5 exd5 21. Qxd5+
Kh8 22. Qxf5 Rf8 23. Qh5 Qe8 24. Qxe8 Rfxe8 25. Bb2 a5 26. bxa5 Rxa5 27. g3
Rea8 28. Rb1 Ra4 29. Nd4 Rb8 30. Nxb5 Rxb5 31. Bxg7+ Kxg7 32. Rxb5 Bxa3 33. Rf5
Kg6 34. Rf4 Ra5 35. Kg2 Be7 36. Rc4 Bf6 37. h3 1-0

[Event "4NCL Division 2a"]
[Site "Puma Hotel, Hinckley Island EN"]
[Date "2013.03.23"]
[Round "7.11"]
[White "Yeo, Michael J"]
[Black "Zakarian, David"]
[Result "0-1"]
[WhiteElo "2155"]
[BlackElo "2374"]
[PlyCount "116"]
[EventDate "2013.03.23"]
[WhiteTeam "Wessex"]
[BlackTeam "Oxford 1"]

1. e4 c5 2. Nf3 Nc6 3. d4 cxd4 4. Nxd4 e5 5. Nb5 d6 6. N1c3 a6 7. Na3 b5 8. Nd5
Nge7 9. Bg5 h6 10. Bxb5 axb5 11. Nxb5 Ra7 12. Nxa7 Qa5+ 13. Qd2 Qxa7 14. Be3
Qb7 15. O-O Nxd5 16. exd5 Ne7 17. c4 Nf5 18. a4 Be7 19. a5 O-O 20. a6 Qc7 21.
b4 Nxe3 22. fxe3 Qb6 23. b5 Bg5 24. Ra3 f5 25. Qf2 Qc5 26. Rfa1 e4 27. h4 Bf6
28. a7 Bb7 29. a8=Q Bxa8 30. Rxa8 Bxa1 31. Rxf8+ Kxf8 32. Qxf5+ Ke7 33. Qxe4+
Be5 34. Kf2 Qb4 35. Qc2 Qb2 36. Qxb2 Bxb2 37. h5 Ba3 38. Kf3 Bc5 39. Kf4 Kf6
40. e4 Bd4 41. g4 Bb6 42. e5+ dxe5+ 43. Ke4 Bd4 44. d6 Ke6 45. d7 Kxd7 46. Kd5
Kc7 47. c5 Kb7 48. Kc4 Kc7 49. Kd5 Kd7 50. Kc4 Ke6 51. b6 Kd7 52. b7 Kc7 53. c6
Ba7 54. Kd5 e4 55. Kxe4 Kxc6 56. g5 hxg5 57. Kf5 Kxb7 58. Kxg5 Be3+ 0-1

[Event "4NCL Division 2a"]
[Site "Puma Hotel, Hinckley Island EN"]
[Date "2013.03.23"]
[Round "7.12"]
[White "Rose, Matthew"]
[Black "Lock, Gavin R"]
[Result "1-0"]
[WhiteElo "2303"]
[BlackElo "2173"]
[PlyCount "145"]
[EventDate "2013.03.23"]
[WhiteTeam "Oxford 1"]
[BlackTeam "Wessex"]

1. e4 e6 2. d4 d5 3. Nd2 Nc6 4. Ngf3 Nf6 5. e5 Nd7 6. c3 f6 7. Bb5 fxe5 8. dxe5
Be7 9. Nd4 Ndxe5 10. f4 a6 11. Qh5+ Kd7 12. Bxc6+ Nxc6 13. N2f3 Qe8 14. Qh3 Bf6
15. Be3 b6 16. O-O-O Nxd4 17. Bxd4 Kc6 18. Be5 Kb7 19. Rhe1 Qa4 20. Kb1 Bxe5
21. Nxe5 Qxf4 22. Ng6 hxg6 23. Qxh8 e5 24. Qxg7 Bf5+ 25. Ka1 Qxh2 26. Rxe5 Bc2
27. Rc1 Qxg2 28. Re7 Rc8 29. Qe5 a5 30. Re1 Qd2 31. Rd7 Bd1 32. Qxd5+ Qxd5 33.
Rxd5 Bg4 34. c4 Kc6 35. Rde5 Rd8 36. b3 Bf5 37. Rh1 Rd7 38. Rh2 Kb7 39. Kb2 Kc6
40. Re3 Kb7 41. Kc3 Kc6 42. a3 Rg7 43. b4 axb4+ 44. axb4 Kb7 45. Rh8 Bd7 46. b5
c6 47. bxc6+ Bxc6 48. Re6 Bd7 49. Rf6 Bf5 50. Rd8 Bd7 51. Rh8 Bf5 52. Kb4 Bd7
53. Kc3 Bf5 54. Rh6 Rc7 55. Kb4 Rg7 56. Rh4 Bd7 57. Rd4 Bf5 58. Rdd6 Rh7 59.
Rxb6+ Kc7 60. Rfc6+ Kd7 61. Rf6 Kc7 62. Rfc6+ Kd7 63. Rb7+ Kxc6 64. Rxh7 Kb6
65. Rf7 Kc6 66. Rf6+ Kc7 67. Kc5 Be4 68. Rf7+ Kd8 69. Kd6 Kc8 70. c5 Bf5 71. c6
Kb8 72. Rf8+ Ka7 73. Rxf5 1-0

[Event "4NCL Division 2a"]
[Site "Puma Hotel, Hinckley Island EN"]
[Date "2013.03.23"]
[Round "7.13"]
[White "Rutter, Nick J"]
[Black "Schmidt, Jan-Peter"]
[Result "1-0"]
[WhiteElo "2193"]
[BlackElo "2269"]
[PlyCount "76"]
[EventDate "2013.03.23"]
[WhiteTeam "Wessex"]
[BlackTeam "Oxford 1"]

1. e4 d6 2. d4 Nf6 3. Nc3 g6 4. f4 Bg7 5. Nf3 O-O 6. Be3 b6 7. Qd2 Bb7 8. e5
Ng4 9. O-O-O c5 10. dxc5 bxc5 11. Bxc5 Nd7 12. Bd4 dxe5 13. Bg1 Nb6 14. Qe1 Qb8
15. Nxe5 Nxe5 16. fxe5 Qxe5 17. Qxe5 Bxe5 18. Bd4 Bf4+ 19. Kb1 Rfd8 20. h4 e5
21. Bxb6 axb6 22. Rh3 Rxd1+ 23. Nxd1 Rd8 24. Nc3 Rd2 25. a4 e4 26. Bc4 e3 27.
Rh1 Bxg2 28. Rg1 Bf3 29. Rf1 Rf2 30. Rxf2 exf2 31. Bf1 f6 32. b4 Bd6 33. b5 g5
34. Ne2 g4 35. Nd4 Be4 36. Ne2 f5 37. Kc1 f4 38. Nc3 Bf3 1-0

[Event "4NCL Division 2a"]
[Site "Puma Hotel, Hinckley Island EN"]
[Date "2013.03.23"]
[Round "7.14"]
[White "Rawlinson, Aidan M"]
[Black "Simons, Martin J"]
[Result "1/2-1/2"]
[WhiteElo "2171"]
[BlackElo "2159"]
[PlyCount "49"]
[EventDate "2013.03.23"]
[WhiteTeam "Oxford 1"]
[BlackTeam "Wessex"]

1. d4 Nf6 2. c4 c5 3. d5 b5 4. cxb5 a6 5. bxa6 g6 6. Nc3 Bxa6 7. g3 d6 8. Bg2
Bg7 9. Nf3 O-O 10. O-O Nbd7 11. Rb1 Qb6 12. b3 Ne8 13. Qc2 Nc7 14. Rd1 Rfb8 15.
Bd2 Nb5 16. Nxb5 Bxb5 17. Bg5 Qa6 18. Rd2 h6 19. Bxe7 Re8 20. a4 Rxe7 21. axb5
Qxb5 22. e3 Nf6 23. Ne1 Rb7 24. Bf1 Qe8 25. Bg2 1/2-1/2

[Event "4NCL Division 2a"]
[Site "Puma Hotel, Hinckley Island EN"]
[Date "2013.03.23"]
[Round "7.15"]
[White "Tunks, Dominic R"]
[Black "Smallbone, Kieran D"]
[Result "1/2-1/2"]
[WhiteElo "2055"]
[BlackElo "2211"]
[PlyCount "55"]
[EventDate "2013.03.23"]
[WhiteTeam "Wessex"]
[BlackTeam "Oxford 1"]

1. e4 c6 2. d4 d5 3. Nd2 dxe4 4. Nxe4 Bf5 5. Ng3 Bg6 6. Nf3 Nd7 7. h4 h6 8. Bd3
Bxd3 9. Qxd3 e6 10. O-O Ngf6 11. Re1 Be7 12. c4 O-O 13. Qe2 a5 14. Bd2 Re8 15.
Rad1 a4 16. Ne5 Bf8 17. Bc3 Qc7 18. Qf3 Rad8 19. Nxd7 Nxd7 20. d5 exd5 21. cxd5
cxd5 22. Nf5 g6 23. h5 d4 24. Rxe8 Rxe8 25. Rxd4 Ne5 26. Qg3 Qc6 27. hxg6 fxg6
28. Ne3 1/2-1/2

[Event "4NCL Division 2a"]
[Site "Puma Hotel, Hinckley Island EN"]
[Date "2013.03.23"]
[Round "7.16"]
[White "Healey, Michael W"]
[Black "Gregory, Keith DF"]
[Result "1/2-1/2"]
[WhiteElo "2088"]
[BlackElo "2047"]
[PlyCount "52"]
[EventDate "2013.03.23"]
[WhiteTeam "Oxford 1"]
[BlackTeam "Wessex"]

1. e4 d6 2. Nc3 Nf6 3. d4 Nbd7 4. Nf3 e5 5. Be2 c6 6. O-O Qc7 7. a4 Be7 8. Kh1
h6 9. Qe1 g5 10. dxe5 dxe5 11. a5 Nf8 12. b3 Be6 13. Bb2 Ng6 14. Ra4 Nd7 15. b4
O-O 16. Rg1 b5 17. Ra1 a6 18. Nd1 c5 19. Ne3 cxb4 20. g3 Nc5 21. h4 Na4 22.
Rxa4 bxa4 23. h5 a3 24. Ba1 Qb7 25. Kh2 Qxe4 26. Nd2 Qc6 1/2-1/2

[Event "4NCL Division 2a"]
[Site "Puma Hotel, Hinckley Island EN"]
[Date "2013.03.23"]
[Round "7.17"]
[White "Gill, Oliver"]
[Black "Dickinson, Tim R"]
[Result "1-0"]
[WhiteElo "1984"]
[BlackElo "2134"]
[PlyCount "91"]
[EventDate "2013.03.23"]
[WhiteTeam "Wessex"]
[BlackTeam "Oxford 1"]

1. e4 c6 2. Nc3 d5 3. Nf3 Bg4 4. h3 Bxf3 5. Qxf3 e6 6. d3 Nd7 7. Bd2 Bd6 8. Qg4
Qf6 9. f4 h5 10. Qf3 d4 11. e5 Nxe5 12. fxe5 Qxf3 13. gxf3 dxc3 14. Bxc3 Bc5
15. f4 Ne7 16. Bg2 Rd8 17. Be4 Rg8 18. h4 Nf5 19. Bxf5 exf5 20. O-O-O Be3+ 21.
Bd2 Bb6 22. Rh2 Ke7 23. Re2 Ke6 24. Be3 Bxe3+ 25. Rxe3 c5 26. d4 cxd4 27. Red3
Rd5 28. c4 Rc8 29. Rxd4 Rxd4 30. Rxd4 f6 31. exf6 Kxf6 32. Kd2 Re8 33. Rd6+ Ke7
34. Rd5 Kf6 35. Rd6+ Ke7 36. c5 Rc8 37. b4 a5 38. a3 axb4 39. axb4 Ra8 40. Rb6
Ra3 41. Rxb7+ Ke6 42. Rxg7 Rb3 43. c6 Rxb4 44. Kc3 Rb1 45. c7 Kd5 46. Kc2 1-0

[Event "4NCL Division 2a"]
[Site "Puma Hotel, Hinckley Island EN"]
[Date "2013.03.23"]
[Round "7.18"]
[White "Ehr, Jennifer"]
[Black "Reid, Vaness"]
[Result "1/2-1/2"]
[WhiteElo "1595"]
[BlackElo "1844"]
[PlyCount "64"]
[EventDate "2013.03.23"]
[WhiteTeam "Oxford 1"]
[BlackTeam "Wessex"]

1. e4 e6 2. d4 d5 3. Nd2 Nf6 4. e5 Nfd7 5. Ndf3 c5 6. c3 Nc6 7. Bd3 Nb6 8. Ne2
Bd7 9. a3 c4 10. Bc2 a5 11. a4 Be7 12. O-O h6 13. Ne1 Qc7 14. f4 O-O-O 15. b3
cxb3 16. Bxb3 f5 17. Nf3 Rdg8 18. Qd3 g5 19. Bd2 Kd8 20. Rfc1 Ke8 21. c4 dxc4
22. Bxc4 Nxc4 23. Qxc4 Qb6 24. Kf1 g4 25. Ne1 Bb4 26. Rcb1 Qa7 27. Bxb4 Nxb4
28. Nd3 Nd5 29. Kf2 Kf7 30. Nc5 b6 31. Nxd7 Qxd7 32. Qb3 Rc8 1/2-1/2

[Event "4NCL Division 2a"]
[Site "Puma Hotel, Hinckley Island EN"]
[Date "2013.03.23"]
[Round "7.21"]
[White "Taylor, Adam A"]
[Black "Spence, David J"]
[Result "0-1"]
[WhiteElo "1953"]
[BlackElo "2232"]
[PlyCount "77"]
[EventDate "2013.03.23"]
[WhiteTeam "e2e4.org.uk 2"]
[BlackTeam "Anglian Avengers 1"]

1. Nf3 Nf6 2. c4 e6 3. g3 a6 4. Bg2 b5 5. Ne5 Ra7 6. O-O Bb7 7. d4 Bxg2 8. Kxg2
d6 9. Nf3 Nbd7 10. b3 Be7 11. Qd3 bxc4 12. bxc4 c5 13. Nbd2 Qa8 14. Kg1 O-O 15.
Nb3 Ne4 16. Bb2 Rc7 17. Rac1 Rfc8 18. Rfd1 Nb6 19. Nbd2 Nxd2 20. Rxd2 Na4 21.
Ba1 cxd4 22. Qxd4 e5 23. Qg4 g6 24. Ne1 f5 25. Qf3 Qxf3 26. Nxf3 Rxc4 27. Rcd1
Nc3 28. Bxc3 Rxc3 29. Kg2 Rc2 30. Ne1 Rxd2 31. Rxd2 Kf7 32. Rb2 Rc6 33. Nd3 Ke6
34. Kf1 d5 35. Ke1 g5 36. Kd1 a5 37. Rb8 e4 38. Ne1 Bc5 39. Nc2 {White
overstepped the time limit} 0-1

[Event "4NCL Division 2a"]
[Site "Puma Hotel, Hinckley Island EN"]
[Date "2013.03.23"]
[Round "7.22"]
[White "Player, Edmund C"]
[Black "Byron, Alan M"]
[Result "1-0"]
[WhiteElo "2237"]
[BlackElo "2160"]
[PlyCount "79"]
[EventDate "2013.03.23"]
[WhiteTeam "Anglian Avengers 1"]
[BlackTeam "e2e4.org.uk 2"]

1. e4 c5 2. Nc3 Nc6 3. Bb5 g6 4. Bxc6 bxc6 5. d3 Bg7 6. Nge2 d6 7. O-O Nf6 8.
f4 Nd7 9. Kh1 Rb8 10. Rb1 O-O 11. Be3 e6 12. Qd2 f5 13. Nd1 Ba6 14. exf5 exf5
15. c4 Re8 16. b3 d5 17. Rc1 d4 18. Bf2 Re6 19. Ng1 Qc7 20. Nb2 Bh6 21. g3 Rbe8
22. Rce1 Nf6 23. Rxe6 Rxe6 24. Na4 Bf8 25. h3 Bc8 26. Nf3 h6 27. Kg2 Bd6 28.
Re1 Kg7 29. Rxe6 Bxe6 30. Be1 Bf7 31. Qe2 Nd7 32. Bd2 Qd8 33. Qe1 Qe7 34. Qxe7
Bxe7 35. a3 Bf6 36. Ba5 Kf8 37. b4 cxb4 38. Bxb4+ Ke8 39. Nc5 Nxc5 40. Bxc5 {
Black overstepped the time limit} 1-0

[Event "4NCL Division 2a"]
[Site "Puma Hotel, Hinckley Island EN"]
[Date "2013.03.23"]
[Round "7.23"]
[White "Talbot, Andrew R"]
[Black "Merry, Alan B"]
[Result "0-1"]
[WhiteElo "2141"]
[BlackElo "2229"]
[PlyCount "67"]
[EventDate "2013.03.23"]
[WhiteTeam "e2e4.org.uk 2"]
[BlackTeam "Anglian Avengers 1"]

1. d4 Nf6 2. c4 c5 3. d5 d6 4. Nc3 h6 5. e4 g5 6. f4 gxf4 7. Bxf4 Nbd7 8. Nf3
Bg7 9. Nh4 Nh7 10. Nf5 Bxc3+ 11. bxc3 Qa5 12. Qd2 Nhf6 13. Bd3 Ng4 14. O-O Kd8
15. Nxh6 Nxh6 16. Bxh6 f6 17. Bf4 Qa4 18. Qe2 b6 19. Qg4 Ba6 20. Qg7 Re8 21.
Be2 Bxc4 22. Bd1 Qa5 23. Rf3 Qb5 24. Rf2 Bd3 25. Bh5 Rf8 26. Bg4 Re8 27. Bh5
Kc7 28. Bxe8 Rxe8 29. Qf7 Kd8 30. Re1 Qc4 31. Rf3 Bxe4 32. Rfe3 Bxd5 33. Qxe8+
Kxe8 34. Rxe7+ 0-1

[Event "4NCL Division 2a"]
[Site "Puma Hotel, Hinckley Island EN"]
[Date "2013.03.23"]
[Round "7.24"]
[White "Lindner, Daniel"]
[Black "Mansson, James C"]
[Result "1-0"]
[WhiteElo "2202"]
[BlackElo "2123"]
[PlyCount "55"]
[EventDate "2013.03.23"]
[WhiteTeam "Anglian Avengers 1"]
[BlackTeam "e2e4.org.uk 2"]

1. c4 Nf6 2. g3 c6 3. Bg2 d5 4. Nf3 dxc4 5. O-O g6 6. Na3 Bg7 7. Nxc4 O-O 8. d3
Nbd7 9. Rb1 Nb6 10. Nfe5 Nxc4 11. Nxc4 Be6 12. Bd2 Qc8 13. Re1 Bh3 14. Bh1 h5
15. b4 h4 16. b5 hxg3 17. hxg3 Ng4 18. bxc6 Qf5 19. Bf3 Bd4 20. e3 b5 21. exd4
bxc4 22. dxc4 Rab8 23. Rb3 Rxb3 24. axb3 Rd8 25. Bc3 e5 26. Re4 exd4 27. c7 Rf8
28. Qxd4 1-0

[Event "4NCL Division 2a"]
[Site "Puma Hotel, Hinckley Island EN"]
[Date "2013.03.23"]
[Round "7.25"]
[White "Milson, Samuel A"]
[Black "Talsma, Paul A"]
[Result "1-0"]
[WhiteElo "1996"]
[BlackElo "2185"]
[PlyCount "101"]
[EventDate "2013.03.23"]
[WhiteTeam "e2e4.org.uk 2"]
[BlackTeam "Anglian Avengers 1"]

1. e4 e5 2. Nf3 Nc6 3. Bb5 a6 4. Ba4 d6 5. O-O Bd7 6. c3 Nf6 7. Re1 g6 8. d4 b5
9. Bb3 Bg7 10. Nbd2 O-O 11. Nf1 exd4 12. cxd4 Bg4 13. h3 Bxf3 14. gxf3 Na5 15.
Ng3 Nxb3 16. Qxb3 Nd7 17. Be3 Nb6 18. f4 Nc4 19. a4 Qh4 20. Kg2 c6 21. Qc2 Rac8
22. axb5 axb5 23. b3 Nxe3+ 24. fxe3 c5 25. Qd2 cxd4 26. exd4 Rc7 27. Rec1 Rxc1
28. Rxc1 Bh6 29. Rf1 Rc8 30. e5 Qe7 31. Qd3 Qb7+ 32. d5 dxe5 33. fxe5 Qc7 34.
d6 Qc2+ 35. Qxc2 Rxc2+ 36. Rf2 Rxf2+ 37. Kxf2 Kf8 38. Kf3 Bd2 39. Ke4 Ke8 40.
Kd5 h5 41. e6 fxe6+ 42. Kxe6 Bg5 43. Ne4 Bd8 44. d7+ Kf8 45. Nd6 g5 46. Nf7 Be7
47. Ne5 Bd8 48. Nc6 Bc7 49. Kf5 g4 50. hxg4 h4 51. Ke4 1-0

[Event "4NCL Division 2a"]
[Site "Puma Hotel, Hinckley Island EN"]
[Date "2013.03.23"]
[Round "7.26"]
[White "Tozer, Philip AA"]
[Black "Denton, John R"]
[Result "1-0"]
[WhiteElo "2165"]
[BlackElo "2069"]
[PlyCount "117"]
[EventDate "2013.03.23"]
[WhiteTeam "Anglian Avengers 1"]
[BlackTeam "e2e4.org.uk 2"]

1. c4 Nf6 2. g3 c5 3. Bg2 Nc6 4. Nf3 g6 5. Nc3 Bg7 6. d4 cxd4 7. Nxd4 O-O 8.
O-O Nxd4 9. Qxd4 d6 10. Qd3 a6 11. b3 Qa5 12. Bd2 Qh5 13. Qf3 Qxf3 14. Bxf3 Rb8
15. Rac1 Bd7 16. a4 Bc6 17. Kg2 Rfc8 18. Be3 Ng4 19. Ba7 Ra8 20. Bb6 Ne5 21.
Bxc6 bxc6 22. a5 Rab8 23. c5 Nd7 24. b4 d5 25. e4 Bxc3 26. Rxc3 dxe4 27. Rc4 f5
28. Rd4 Nf6 29. Rfd1 Kf7 30. f3 exf3+ 31. Kxf3 Nd5 32. g4 e6 33. gxf5 exf5 34.
Rxd5 cxd5 35. Rxd5 Ke6 36. Rd6+ Ke7 37. b5 axb5 38. a6 b4 39. a7 Ra8 40. Rd4 b3
41. Rb4 Kd7 42. Rxb3 Kc6 43. Kf4 Rc7 44. Bxc7 Kxc7 45. Rh3 Kc6 46. Rxh7 Kxc5
47. Kg5 Kd5 48. Kxg6 Ke5 49. Re7+ Kf4 50. h4 Rg8+ 51. Rg7 Rc8 52. Rf7 Rg8+ 53.
Kh7 Ra8 54. h5 Kg3 55. h6 f4 56. Kg7 f3 57. h7 f2 58. h8=Q Rxa7 59. Qb8+ 1-0

[Event "4NCL Division 2a"]
[Site "Puma Hotel, Hinckley Island EN"]
[Date "2013.03.23"]
[Round "7.27"]
[White "Coates, David H"]
[Black "Gray, Mark S"]
[Result "1-0"]
[WhiteElo "2045"]
[BlackElo "2074"]
[PlyCount "107"]
[EventDate "2013.03.23"]
[WhiteTeam "e2e4.org.uk 2"]
[BlackTeam "Anglian Avengers 1"]

1. d4 Nf6 2. c4 e6 3. Nc3 d5 4. cxd5 exd5 5. Bg5 c6 6. e3 Bf5 7. Qf3 Bg6 8.
Bxf6 Qxf6 9. Qxf6 gxf6 10. Nf3 Nd7 11. Nh4 Be7 12. g3 Nb6 13. f3 a5 14. Kf2 Kd8
15. Rd1 Nc8 16. Bd3 Nd6 17. Ng2 Kc7 18. Nf4 Rhe8 19. Rc1 Kb8 20. Na4 Ka7 21. h4
Rg8 22. Nxg6 fxg6 23. h5 f5 24. hxg6 hxg6 25. Rh7 Rae8 26. Nc5 Rh8 27. Rch1
Rxh7 28. Rxh7 Bg5 29. f4 Re7 30. Rh8 Bf6 31. Rh6 Rg7 32. Ne6 Rg8 33. g4 Be7 34.
Rh7 Bf6 35. g5 Bh8 36. b3 Re8 37. Nc5 Rd8 38. Kf3 Kb8 39. Rd7 Rxd7 40. Nxd7+
Kc7 41. Nf8 Bg7 42. Nxg6 Kd7 43. Kg3 Ke6 44. Kh4 Nc8 45. Kh5 b6 46. Nh4 Ne7 47.
Nxf5 Nxf5 48. Kg6 Nxe3 49. f5+ Kd7 50. Kxg7 c5 51. f6 c4 52. bxc4 dxc4 53. Bxc4
Nf5+ 54. Kg8 1-0

[Event "4NCL Division 2a"]
[Site "Puma Hotel, Hinckley Island EN"]
[Date "2013.03.23"]
[Round "7.28"]
[White "Taylor, Adam C"]
[Black "Fernandez, Michael H"]
[Result "1/2-1/2"]
[WhiteElo "1966"]
[BlackElo "1871"]
[PlyCount "73"]
[EventDate "2013.03.23"]
[WhiteTeam "Anglian Avengers 1"]
[BlackTeam "e2e4.org.uk 2"]

1. c4 c5 2. b3 b6 3. Nf3 Nf6 4. Bb2 Bb7 5. e3 e6 6. Be2 Be7 7. d4 d5 8. O-O O-O
9. Ne5 dxc4 10. Bf3 Qc7 11. Nxc4 Rd8 12. Qe2 Bxf3 13. Qxf3 Qc6 14. Qxc6 Nxc6
15. dxc5 Bxc5 16. Bxf6 gxf6 17. Nc3 f5 18. Rfd1 Kf8 19. a3 Be7 20. Rac1 Rxd1+
21. Rxd1 Rc8 22. Nb5 Rd8 23. Rxd8+ Bxd8 24. Kf1 Ke7 25. Ke2 a6 26. Nd4 Nxd4+
27. exd4 Bc7 28. g3 b5 29. Nd2 Kd6 30. Kd3 Bb6 31. f4 Kd5 32. Nf3 f6 33. a4
bxa4 34. bxa4 h5 35. Kc3 a5 36. Kd3 Bc7 37. h3 1/2-1/2

[Event "4NCL Division 2a"]
[Site "Puma Hotel, Hinckley Island EN"]
[Date "2013.03.23"]
[Round "7.31"]
[White "Jones, Richard S"]
[Black "Slaby, Jerzy"]
[Result "1/2-1/2"]
[WhiteElo "2399"]
[BlackElo "2476"]
[PlyCount "103"]
[EventDate "2013.03.23"]
[WhiteTeam "Rhyfelwyr Essyllwg 1"]
[BlackTeam "Pandora's Box Grantham"]

1. e4 g6 2. d4 Bg7 3. Nc3 c6 4. Nf3 d5 5. h3 Nf6 6. e5 Ne4 7. Nxe4 dxe4 8. Ng5
c5 9. Nxe4 cxd4 10. f4 O-O 11. Bd3 Nc6 12. a3 f6 13. exf6 exf6 14. O-O h6 15.
f5 Bxf5 16. Rxf5 gxf5 17. Ng3 Ne7 18. Bf4 Qd7 19. Qd2 Kh7 20. Rf1 Rac8 21. Nxf5
Nxf5 22. g4 Rc5 23. Bxf5+ Rxf5 24. Qd3 Rc8 25. gxf5 Rg8 26. Rf3 Bf8+ 27. Rg3
Rxg3+ 28. Bxg3 Qd5 29. Bf2 Bc5 30. c3 Qb3 31. Bxd4 Bxd4+ 32. Qxd4 Qxb2 33. Qd7+
Kg8 34. Qe8+ Kh7 35. Qg6+ Kh8 36. Qxh6+ Kg8 37. Qg6+ Kf8 38. Qxf6+ Ke8 39. Qe5+
Kf7 40. Qe6+ Kf8 41. Qd6+ Kf7 42. Qd5+ Ke7 43. Qc5+ Kf7 44. Qc4+ Kg7 45. Qd4+
Kf7 46. Qd5+ Ke7 47. Qf3 Qxa3 48. Qe4+ Kf7 49. Qxb7+ Kf6 50. Qf3 Qc1+ 51. Kf2
Qd2+ 52. Kf1 1/2-1/2

[Event "4NCL Division 2a"]
[Site "Puma Hotel, Hinckley Island EN"]
[Date "2013.03.23"]
[Round "7.32"]
[White "Crouch, Colin S"]
[Black "Kett, Timothy J"]
[Result "1-0"]
[WhiteElo "2388"]
[BlackElo "2220"]
[PlyCount "119"]
[EventDate "2013.03.23"]
[WhiteTeam "Pandora's Box Grantham"]
[BlackTeam "Rhyfelwyr Essyllwg 1"]

1. d4 d6 2. g3 Nf6 3. Bg2 g6 4. c4 Bg7 5. Nc3 O-O 6. e3 e5 7. Nge2 Nc6 8. O-O
Bg4 9. h3 Bxe2 10. Nxe2 Nd7 11. b4 Qe7 12. b5 Nd8 13. Nc3 Nb6 14. Qd3 a6 15.
Rb1 axb5 16. Rxb5 Ne6 17. Bxb7 exd4 18. Bxa8 Rxa8 19. exd4 Nxd4 20. Nd5 Nxd5
21. Rxd5 Ne2+ 22. Kg2 Nc3 23. Rg5 Rxa2 24. Rg4 f5 25. Rf4 Ne2 26. Rf3 Nd4 27.
Re3 Qf7 28. Rfe1 Bf6 29. Re8+ Kg7 30. Rb8 Qd7 31. Bb2 Qc6+ 32. f3 Rxb2+ 33.
Rxb2 Nxf3 34. Qxf3 Qxf3+ 35. Kxf3 Bxb2 36. Re7+ Kf6 37. Rxc7 h6 38. Rb7 Be5 39.
Rb3 g5 40. g4 fxg4+ 41. hxg4 Bd4 42. Ke4 Bc5 43. Rh3 Kg6 44. Kd5 Bb4 45. Ke6
Bc5 46. Rf3 Bd4 47. Kxd6 h5 48. gxh5+ Kxh5 49. Rd3 Bf2 50. c5 g4 51. c6 g3 52.
c7 g2 53. c8=Q g1=Q 54. Qh8+ Kg5 55. Qg7+ Kf5 56. Qf7+ Kg5 57. Rd5+ Kg4 58.
Qh5+ Kf4 59. Rf5+ Ke3 60. Qf3+ 1-0

[Event "4NCL Division 2a"]
[Site "Puma Hotel, Hinckley Island EN"]
[Date "2013.03.23"]
[Round "7.33"]
[White "Trevelyan, John"]
[Black "Ross, Chris N"]
[Result "0-1"]
[WhiteElo "2129"]
[BlackElo "2247"]
[PlyCount "51"]
[EventDate "2013.03.23"]
[WhiteTeam "Rhyfelwyr Essyllwg 1"]
[BlackTeam "Pandora's Box Grantham"]

1. d4 Nf6 2. c4 e6 3. Nf3 Bb4+ 4. Bd2 Qe7 5. a3 Bxd2+ 6. Nbxd2 d6 7. e4 e5 8.
d5 O-O 9. b4 Nh5 10. Ng1 Qg5 11. g3 f5 12. Bh3 fxe4 13. Bxc8 Rxc8 14. Nxe4 Qg6
15. Qd3 Nd7 16. Ne2 Rf8 17. N2c3 Rf7 18. O-O-O Raf8 19. Rhe1 Nhf6 20. Kc2 Ng4
21. h3 Nxf2 22. Nxf2 Rxf2+ 23. Re2 e4 24. Nxe4 Rxe2+ 25. Qxe2 Nf6 26. Re1 0-1

[Event "4NCL Division 2a"]
[Site "Puma Hotel, Hinckley Island EN"]
[Date "2013.03.23"]
[Round "7.34"]
[White "Batchelor, Peter J"]
[Black "Young, Alan"]
[Result "1-0"]
[WhiteElo "2127"]
[BlackElo "2063"]
[PlyCount "67"]
[EventDate "2013.03.23"]
[WhiteTeam "Pandora's Box Grantham"]
[BlackTeam "Rhyfelwyr Essyllwg 1"]

1. d4 d5 2. c4 dxc4 3. e3 e5 4. Bxc4 exd4 5. exd4 Bd6 6. Nf3 Nf6 7. O-O O-O 8.
h3 h6 9. Re1 Re8 10. Nc3 Nc6 11. Nb5 Bf5 12. Rxe8+ Qxe8 13. Be3 Rd8 14. Rc1 Be6
15. Nxd6 Rxd6 16. Bb5 a6 17. Ba4 Nd5 18. Qe2 Bf5 19. Rc5 Qe4 20. Bc2 Qe6 21.
Bb3 b6 22. Rxd5 Rxd5 23. Qxa6 Nb4 24. Qa8+ Kh7 25. a3 Be4 26. axb4 Bxf3 27.
gxf3 Qg6+ 28. Kh2 Qd6+ 29. f4 Rh5 30. Bxf7 Rxh3+ 31. Kxh3 Qd7+ 32. Kg3 Qxf7 33.
Qe4+ Kh8 34. d5 1-0

[Event "4NCL Division 2a"]
[Site "Puma Hotel, Hinckley Island EN"]
[Date "2013.03.23"]
[Round "7.35"]
[White "Spice, Alan P"]
[Black "Birtwistle, Nigel"]
[Result "1/2-1/2"]
[WhiteElo "2104"]
[BlackElo "2148"]
[PlyCount "102"]
[EventDate "2013.03.23"]
[WhiteTeam "Rhyfelwyr Essyllwg 1"]
[BlackTeam "Pandora's Box Grantham"]

1. Nc3 g6 2. h4 Nf6 3. d4 Bg7 4. Bg5 d6 5. Qd2 h6 6. Bxf6 Bxf6 7. O-O-O c6 8.
e4 Qa5 9. Kb1 Be6 10. Nge2 b5 11. Nd5 Qxd2 12. Nxf6+ exf6 13. Rxd2 Bd7 14. f3
h5 15. Nc1 Na6 16. c4 bxc4 17. Bxc4 Nc7 18. Ne2 Kf8 19. Rc1 Kg7 20. Rdc2 Rhe8
21. Ka1 f5 22. Bd3 fxe4 23. Bxe4 d5 24. Bd3 Re3 25. Nf4 Rae8 26. Bf1 Ne6 27.
Nxe6+ R8xe6 28. b3 Rf6 29. Rc5 Be8 30. Ra5 Re7 31. Kb2 Rf4 32. Kc3 Rxh4 33. Rc2
Rf4 34. Re2 Rxe2 35. Bxe2 g5 36. Rxa7 Kf6 37. a4 g4 38. a5 h4 39. fxg4 Rf2 40.
Kd2 Rxg2 41. Ra8 Bd7 42. Rg8 h3 43. a6 h2 44. a7 h1=Q 45. a8=Q Qh2 46. Qd8+ Ke6
47. Re8+ Bxe8 48. Qxe8+ Kf6 49. Qd8+ Kg7 50. Qg5+ Kh7 51. Qf5+ Kg8 1/2-1/2

[Event "4NCL Division 2a"]
[Site "Puma Hotel, Hinckley Island EN"]
[Date "2013.03.23"]
[Round "7.36"]
[White "Cumbers, Paul"]
[Black "Brown, Tom"]
[Result "1-0"]
[WhiteElo "2147"]
[BlackElo "2091"]
[PlyCount "85"]
[EventDate "2013.03.23"]
[WhiteTeam "Pandora's Box Grantham"]
[BlackTeam "Rhyfelwyr Essyllwg 1"]

1. d4 Nf6 2. c4 g6 3. Nc3 Bg7 4. e4 d6 5. Nf3 O-O 6. Be2 e5 7. Be3 exd4 8. Nxd4
Re8 9. f3 c6 10. Bf2 Nh5 11. Qd2 Nd7 12. g4 Nhf6 13. O-O-O h5 14. g5 Nh7 15. f4
Nc5 16. Bf3 Qa5 17. f5 Be5 18. Rhg1 Nf8 19. Kb1 a6 20. Bxh5 gxh5 21. Qe2 Nxe4
22. Nxe4 Bxd4 23. Rxd4 Bxf5 24. Ka1 Bxe4 25. Rxe4 Rxe4 26. Qxe4 Qe5 27. Qf3 Re8
28. Qxh5 Qe2 29. Qxe2 Rxe2 30. Bg3 Rc2 31. Bxd6 Rxc4 32. a3 Ng6 33. Ka2 Rd4 34.
Bb8 Rd8 35. Bg3 Rd4 36. h3 a5 37. Bf2 Rf4 38. Be1 a4 39. Rg3 Nh4 40. Bc3 Kh7
41. Rd3 b5 42. Rd6 Nf5 43. Rxc6 1-0